| 000 | 00485nam a22001337a 4500 | ||
|---|---|---|---|
| 082 |
_a297.93 _bNOO _cL-31-II, P-93 |
||
| 100 |
_aBilgrami, Dr Hamid Hassan _951031 |
||
| 245 |
_aنورمبین صلی اللہ علیہ و آلہ وسلم کےسات انوار _bابتداےآفرنیش سے مقام محمودتک |
||
| 260 |
_aKarachi, _bHassan Akhtar Associate, _c1992. |
||
| 300 |
_a800p. _c26cm. |
||
| 500 | _aMCE | ||
| 526 |
_a0 _b0 _c0 _d297_930000000000000_NOO |
||
| 942 |
_2ddc _cBK |
||
| 999 |
_c553770 _d553770 |
||